LIBRARY & INFORMATION CENTRE, KCAET, TAVANUR

ONLINE PUBLIC ACCESS CATALOGUE (OPAC)

Development of Harvesting Equipment for Tree Fruits (Record no. 14907)

MARC details
000 -LEADER
fixed length control field 00640nam a22001817a 4500
003 - CONTROL NUMBER IDENTIFIER
control field OSt
088 ## - REPORT NUMBER
Report number P 376
100 ## - MAIN ENTRY--AUTHOR NAME
Personal name GAYATHRI T.P
-- LIVINA V.K
-- RAHUL P.K
245 ## - TITLE STATEMENT
Title Development of Harvesting Equipment for Tree Fruits
260 ## - PUBLICATION, DISTRIBUTION, ETC. (IMPRINT)
Place of publication Tavanur 2017
Name of publisher Department of Food and Agricultural Processing Engineering
300 ## - PHYSICAL DESCRIPTION
Number of Pages 40
500 ## - GENERAL NOTE
General note Development of Harvesting Equipment for Tree Fruits
520 ## - SUMMARY, ETC.
Summary, etc Development of Harvesting Equipment for Tree Fruits
700 ## - ADDED ENTRY--PERSONAL NAME
Personal name Er. George Mathew (Guide)
856 ## - ELECTRONIC LOCATION AND ACCESS
Uniform Resource Identifier https://drive.google.com/open?id=1g5z50i_J4LvSudQPjbz_XsttcpGKnWD0
942 ## - ADDED ENTRY ELEMENTS (KOHA)
Koha item type Project Report
Holdings
Collection code Home library Current library Shelving location Full call number Accession Number Koha item type
Reference KAUAET KAUAET Reference 664 GAY/DE P 376 Project Report
free website counter